|
|
|
|
| LEADER |
00000nam0a2200000 4500 |
| 001 |
28450 |
| 005 |
20231030202833.0 |
| 010 |
|
|
|a 5211022947
|
| 035 |
|
|
|a (RuTPU)RU\TPU\book\28706
|
| 035 |
|
|
|a BOOK00028781
|
| 090 |
|
|
|a 28450
|
| 100 |
|
|
|a 20011209d1993 k y0rusy50 ca
|
| 101 |
0 |
|
|a rus
|
| 102 |
|
|
|a RU
|
| 105 |
|
|
|a a z 001zy
|
| 200 |
1 |
|
|a Математические модели и оптимизация вычислительных алгоритмов
|e Сборник трудов
|f Под ред. А. Н. Тихонова, А. А. Самарского
|
| 210 |
|
|
|a Москва
|c Изд-во МГУ
|d 1993
|
| 215 |
|
|
|a 254 с.
|c ил.
|
| 320 |
|
|
|a Библиогр. в конце статей
|
| 610 |
1 |
|
|a математика
|
| 610 |
1 |
|
|a математическая физика
|
| 610 |
1 |
|
|a вычислительные методы
|
| 610 |
1 |
|
|a прикладная математика
|
| 610 |
1 |
|
|a электродинамика
|
| 610 |
1 |
|
|a плазма
|
| 610 |
1 |
|
|a физика
|
| 610 |
1 |
|
|a математические модели
|
| 675 |
|
|
|a 51-7
|v 3
|
| 702 |
|
1 |
|a Тихонов
|b А. Н.
|4 340
|
| 702 |
|
1 |
|a Самарский
|b А. А.
|4 340
|
| 801 |
|
0 |
|a RU
|b 63413507
|c 20011209
|g PSBO
|
| 801 |
|
2 |
|a RU
|b 63413507
|c 20060207
|g PSBO
|
| 942 |
|
|
|c BK
|